000 01353nam a2200349Ia 4500
001 ebr10159409
003 CaPaEBR
006 m u
007 cr cn|||||||||
008 950316s1996 mnua sb s001 0 eng d
010 _z 95013730
020 _z9780816621989
020 _z0816621977 (hc)
020 _z0816621985 (pb)
040 _aCaPaEBR
_cCaPaEBR
035 _a(OCoLC)191935403
050 1 4 _aML3800
_b.S898 1996eb
082 0 4 _a781/.1
_220
100 1 _aSubotnik, Rose Rosengard.
245 1 0 _aDeconstructive variations
_h[electronic resource] :
_bmusic and reason in western society /
_cRose Rosengard Subotnik.
260 _aMinneapolis :
_bUniversity of Minnesota Press,
_cc1996.
300 _axlvii, 325 p. :
_bill.
504 _aIncludes bibliographical references (p. 213-298) and index.
533 _aElectronic reproduction.
_bPalo Alto, Calif. :
_cebrary,
_d2009.
_nAvailable via World Wide Web.
_nAccess may be limited to ebrary affiliated libraries.
650 0 _aMusic
_xPhilosophy and aesthetics.
650 0 _aMusic
_xSocial aspects.
650 0 _aMusical criticism.
650 0 _aMusical analysis.
655 7 _aElectronic books.
_2local
710 2 _aebrary, Inc.
856 4 0 _uhttp://site.ebrary.com/lib/rucke/Doc?id=10159409
_zAn electronic book accessible through the World Wide Web; click to view
999 _c134065
_d134065